| 000 | 00569nam a2200157Ia 4500 | ||
|---|---|---|---|
| 008 | 210716s2001 xx 000 0 und d | ||
| 020 | _a9780070472686 | ||
| 041 | _aeng | ||
| 082 | _a005.42 SINM | ||
| 100 | _aSinghal, Mukesh;Shivaratri, Niranjan G. | ||
| 245 |
_aAdvanced concepts in operating systems: distributed database and multiprocessor operating systems. _bDistributed database and multiprocessor operating systems. |
||
| 250 | _a1 | ||
| 260 |
_aNew Delhi _bTata McGraw Hill Publishing Company Ltd _c2001 |
||
| 300 | _axxii,522 | ||
| 650 | _aOperating Systems | ||
| 999 |
_c187787 _d187787 |
||